000 00687nam a2200289Ia 4500
005 20260324132844.0
008 008 260324s9999 xx 000 0 eng d
020 _a9781351152686
037 _aEBOOK
040 _aCRL
040 _beng
040 _cCRL
041 _2eng
041 _aeng
084 _qCRL
100 _aGavin Hyman
_91190880
245 0 _aNew Directions in Philosophical Theology
245 0 _bEssays in Honour of Don Cupitt
260 _bTaylor and Francis
260 _c2004
365 _a
365 _b230
856 _uhttp://www.taylorfrancis.com/books/9781351152686
942 _cEBOOK
999 _c1789355
_d1789355